00660nam a2200181 a 450000100100000000500170001000800410002704000250006808200150009310000310010824501800013925000110031926000740033030000200040470000160042470000190044070000190045900002621720200930024413.0110304s1963 xxu 000 0 spa d aDO-SdBNPbspacBNPHU axxxxbxxxx1 aForrest Hallenbeck, Edwin.13aLa pasión por las almas :bun llamamiento hacia un esfuerzo especial por la salvación de las almas /cEdwin Forrest Hallenbeck ; traducción de M. A., L. O. E. y S. J. A. a2a ed. aEstados Unidos de América :bCasa Bautista de Publicaciones,c1963. a72 p. ;c18 cm.1 aM. A.,etr.1 aL. O. E.,etr.1 aS. J. A.,etr.